<?xml version="1.0" encoding="UTF-8"?>
<record
    xmlns:xsi="http://www.w3.org/2001/XMLSchema-instance"
    xsi:schemaLocation="http://www.loc.gov/MARC21/slim http://www.loc.gov/standards/marcxml/schema/MARC21slim.xsd"
    xmlns="http://www.loc.gov/MARC21/slim">

  <leader>01035nam a2200253 a 4500</leader>
  <controlfield tag="001">BRCA_1146</controlfield>
  <controlfield tag="005">20190320203312.0</controlfield>
  <controlfield tag="008">960516s1994    mx-a---##b---#000-0#spa-#</controlfield>
  <datafield tag="020" ind1=" " ind2=" ">
    <subfield code="a">9687525002</subfield>
  </datafield>
  <datafield tag="040" ind1=" " ind2=" ">
    <subfield code="a">DLC</subfield>
    <subfield code="c">DLC</subfield>
  </datafield>
  <datafield tag="050" ind1=" " ind2="4">
    <subfield code="a">N6553</subfield>
    <subfield code="b">.M87 1994</subfield>
  </datafield>
  <datafield tag="245" ind1="1" ind2="0">
    <subfield code="a">Museo de Historia Mexicana</subfield>
    <subfield code="b">selecci&#xF3;n de secciones : arte prehisp&#xE1;nico y siglos XVI al XIX</subfield>
    <subfield code="c">textos, arte prehisp&#xE1;nico, Alfonso Rangel Guerra ; siglos XVI al XIX, Mar&#xED;a Concepci&#xF3;n Garc&#xED;a S&#xE1;iz.</subfield>
  </datafield>
  <datafield tag="260" ind1=" " ind2=" ">
    <subfield code="a">Monterrey, N.L.,M&#xE9;xico</subfield>
    <subfield code="b">Museo de Monterrey</subfield>
    <subfield code="c">1994</subfield>
  </datafield>
  <datafield tag="300" ind1=" " ind2=" ">
    <subfield code="a">38 p.</subfield>
    <subfield code="b">il. a color</subfield>
    <subfield code="c">28 cm.</subfield>
  </datafield>
  <datafield tag="504" ind1=" " ind2=" ">
    <subfield code="a">Bibliograf&#xED;a: p. 36</subfield>
  </datafield>
  <datafield tag="610" ind1="2" ind2="4">
    <subfield code="a">Museo de Historia Mexicana (Monterey, M&#xE9;xico)</subfield>
    <subfield code="v">Cat&#xE1;logos</subfield>
    <subfield code="9">3769</subfield>
  </datafield>
  <datafield tag="650" ind1="1" ind2="4">
    <subfield code="a">Arte ind&#xED;gena</subfield>
    <subfield code="v">Cat&#xE1;logos</subfield>
    <subfield code="z">M&#xE9;xico</subfield>
    <subfield code="9">1255</subfield>
  </datafield>
  <datafield tag="650" ind1="1" ind2="4">
    <subfield code="a">Arte mexicano</subfield>
    <subfield code="v">Cat&#xE1;logos</subfield>
    <subfield code="9">3770</subfield>
  </datafield>
  <datafield tag="650" ind1="1" ind2="4">
    <subfield code="a">Arte</subfield>
    <subfield code="v">Cat&#xE1;logos</subfield>
    <subfield code="z">M&#xE9;xico</subfield>
    <subfield code="9">3771</subfield>
  </datafield>
  <datafield tag="700" ind1="1" ind2=" ">
    <subfield code="a">Garc&#xED;a Saiz, Mar&#xED;a Concepci&#xF3;n</subfield>
    <subfield code="e">textos</subfield>
    <subfield code="9">3772</subfield>
  </datafield>
  <datafield tag="710" ind1="2" ind2=" ">
    <subfield code="a">Museo de Historia Mexicana (Monterrey, M&#xE9;xico)</subfield>
    <subfield code="9">3773</subfield>
  </datafield>
  <datafield tag="710" ind1="2" ind2=" ">
    <subfield code="a">Museo de Monterrey</subfield>
    <subfield code="9">3774</subfield>
  </datafield>
  <datafield tag="942" ind1=" " ind2=" ">
    <subfield code="2">lcc</subfield>
    <subfield code="c">B</subfield>
  </datafield>
  <datafield tag="999" ind1=" " ind2=" ">
    <subfield code="c">1023</subfield>
    <subfield code="d">1023</subfield>
  </datafield>
  <datafield tag="952" ind1=" " ind2=" ">
    <subfield code="0">0</subfield>
    <subfield code="1">0</subfield>
    <subfield code="4">0</subfield>
    <subfield code="7">0</subfield>
    <subfield code="a">BRCA</subfield>
    <subfield code="b">BRCA</subfield>
    <subfield code="d">2008-06-26</subfield>
    <subfield code="l">0</subfield>
    <subfield code="o">N6553 .M87 1994</subfield>
    <subfield code="p">01668</subfield>
    <subfield code="r">2019-03-22 00:00:00</subfield>
    <subfield code="w">2019-03-22</subfield>
    <subfield code="y">B</subfield>
  </datafield>
</record>
